Giải tích hàm Giáo trình cho các trường đại học
Kiến thức cơ bản của giải tích hàm : Không gian lồi địa phương và không gian định chuẩn, toán tử tuyến tính liên tục và không gian liên tục, các nguyên lý cơ bản của giải tích hàm, tôpô yếu và toán tử compac, không gian Hilbert
Gorde:
| Egile nagusia: | |
|---|---|
| Formatua: | Liburua |
| Hizkuntza: | Vietnamese |
| Argitaratua: |
H.
Khoa học và Kỹ thuật
1999
|
| Gaiak: | |
| Etiketak: |
Etiketa erantsi
Etiketarik gabe, Izan zaitez lehena erregistro honi etiketa jartzen!
|
| Thư viện lưu trữ: | Mạng thư viện Đại học Đà Nẵng |
|---|
| LEADER | 01431nam a2200361 4500 | ||
|---|---|---|---|
| 001 | 000007955 | ||
| 003 | 4133 | ||
| 005 | 20120306100306.0 | ||
| 008 | 111013s1999 viesd | ||
| 020 | |c 22000đ | ||
| 041 | 0 | |a vie | |
| 082 | |a 515.7 |b ĐÔ-L | ||
| 100 | 0 | |a Đỗ Văn Lưu | |
| 245 | 0 | |a Giải tích hàm |b Giáo trình cho các trường đại học |c Đỗ Văn Lưu | |
| 260 | |a H. |b Khoa học và Kỹ thuật |c 1999 | ||
| 300 | |a 278tr |c 21cm | ||
| 500 | |a Thư mục: tr. 276 | ||
| 520 | |a Kiến thức cơ bản của giải tích hàm : Không gian lồi địa phương và không gian định chuẩn, toán tử tuyến tính liên tục và không gian liên tục, các nguyên lý cơ bản của giải tích hàm, tôpô yếu và toán tử compac, không gian Hilbert | ||
| 653 | |a Toán cao cấp | ||
| 653 | |a Giáo trình | ||
| 653 | |a Giải tích hàm | ||
| 700 | |a Đỗ Văn Lưu |e Tác giả | ||
| 910 | |a Phuong |d 13/10/2011 | ||
| OWN | |a LSP | ||
| AVA | |a UDN50 |b LSP |d 515.7 ĐÔ-L |e available |t Error 5001 Not defined in file expand_doc_bib_avail. |f 6 |g 0 |h N |i 2 |k 1 | ||
| 999 | |a From the UDN01 | ||
| AVA | |a UDN50 |b LSP |d 515.7 ĐÔ-L |e available |t Error 5001 Not defined in file expand_doc_bib_avail. |f 6 |g 0 |h N |i 2 |k 1 | ||
| TYP | |a Monograph | ||
| TYP | |a Printed language | ||
| 980 | |a Mạng thư viện Đại học Đà Nẵng | ||